Statistics for Governors of South Carolina

Click here to take the quiz!

General Stats

  • This quiz has been taken 4 times
  • The average score is 8 of 93

Answer Stats

HintAnswer% Correct
2011-2017Nikki Haley
100%
2003-2011Mark Sanford
75%
2017-Henry McMaster
50%
1987-1995Carroll Ashmore Campbell Jr.
25%
1995-1999David Beasley
25%
1846-1848David Johnson
25%
1798-1800Edward Rutledge
25%
1959-1963Fritz Hollings
25%
1810-1812Henry Middleton
25%
1975-1979James Burrows Edwards
25%
1999-2003Jim Hodges
25%
1971-1975John Carl West Sr.
25%
1852-1854John Lawrence Manning
25%
1776-1778John Rutledge
25%
1779-1782John Rutledge
25%
1778-1779Rawlins Lowndes
25%
1824-1826Richard Irvine Manning I
25%
1915-1919Richard Irvine Manning III
25%
1979-1987Richard Riley
25%
1919-1922Robert Archer Cooper
25%
1965-1971Robert Evander McNair
25%
1868-1872Robert Kingston Scott
25%
1947-1951Strom Thurmond
25%
1897-1899William Haselden Ellerbe
25%
1864-1865Andrew Gordon Magrath
0%
1816-1818Andrew Pickens
0%
1794-1796Arnoldus Vanderhorst
0%
1840Barnabas Kelet Henagan
0%
1865Benjamin Franklin Perry
0%
1783-1785Benjamin Guerard
0%
1890-1894Benjamin Tillman
0%
1939-1941Burnett Rhett Maybank
0%
1915Charles Aurelius Smith
0%
1806-1808Charles Pinckney
0%
1789-1792Charles Pinckney
0%
1796-1798Charles Pinckney
0%
1911-1915Cole Livingston Blease
0%
1874-1876Daniel Henry Chamberlain
0%
1814-1816David Rogerson Williams
0%
1963-1965Donald Stuart Russell
0%
1903-1907Duncan Clinch Heyward
0%
1860-1862Francis Wilkinson Pickens
0%
1872-1874Franklin Israel Moses Jr.
0%
1955-1959George Bell Timmerman Jr.
0%
1834-1836George McDuffie
0%
1882-1886Hugh Smith Thompson
0%
1931-1935Ibra Charles Blackwood
0%
1802-1804James Burchill Richardson
0%
1951-1955James Francis Byrnes
0%
1830-1832James Hamilton Jr.
0%
1842-1844James Henry Hammond
0%
1854-1856James Hopkins Adams
0%
1865-1868James Lawrence Orr
0%
1886John Calhoun Shepard
0%
1800-1802John Drayton
0%
1808-1810John Drayton
0%
1927-1931John Gardiner Richards Jr.
0%
1894-1897John Gary Evans
0%
1818-1820John Geddes
0%
1850-1852John Hugh Means
0%
1822-1824John Lyde Wilson
0%
1782-1783John Matthews
0%
1840-1842John Peter Richardson II
0%
1886-1890John Peter Richardson III
0%
1880-1882Johnson Hagood
0%
1826-1828John Taylor
0%
1812-1814Joseph Alston
0%
1941-1942Joseph Emile Harley
0%
1907-1911Martin Frederick Ansel
0%
1899-1903Miles Benjamin McSweeney
0%
1862-1864Milledge Luke Bonham
0%
1943-1945Olin DeWitt Talmadge Johnston
0%
1935-1939Olin DeWitt Talmadge Johnston
0%
1838-1840Patrick Noble
0%
1804-1806Paul Hamilton
0%
1836-1838Pierce Mason Butler
0%
1945-1947Ransome Judson Williams
0%
1942-1943RIchard Manning Jefferies
0%
1856-1858Robert Francis Withers Allston
0%
1832-1834Robert Young Hayne
0%
1828-1830Stephen Decatur Miller
0%
1820-1822Thomas Bennett Jr.
0%
1880Thomas Bothwell Jeter
0%
1923-1927Thomas Gordon McLeod
0%
1787-1789Thomas Pinckney
0%
1876-1879Wade Hampton III
0%
1848-1850Whitemarsh Benjamin Seabrook
0%
1844-1846William Aiken Jr.
0%
1879-1880William Dunlap Simpson
0%
1858-1860William Henry Gist
0%
1785-1787William Moultrie
0%
1792-1794William Moultrie
0%
1922-1923Wilson Godfrey Harvey
0%

Score Distribution

Percentile by Number Answered

Percent of People with Each Score

Your Score History

You have not taken this quiz